| 000 | 02891aam a2200517 i 4500 | ||
|---|---|---|---|
| 001 | sjds2204773 | ||
| 003 | sjds | ||
| 005 | 20230829110541.0 | ||
| 008 | 190325s2019 ilua b 000 1 spa d | ||
| 020 | _a9780807549599 | ||
| 020 | _a0807549592 | ||
| 035 | _a(OCoLC)1090989083 | ||
| 035 | _a2204773 | ||
| 040 |
_aSJP _beng _erda _cSJP _dIFA |
||
| 041 | 1 |
_aspa _heng |
|
| 049 | _aIFAA | ||
| 099 | _f2019 | ||
| 100 | 1 |
_aDe Anda, Diane, _eauthor. |
|
| 245 | 1 | 3 |
_aLa luna mango / _cDiane de Anda ; ilustrado por Sue Cornelison ; traducido por Giovanna Chavez. |
| 246 | _aLa luna mango | ||
| 260 |
_aChicago, Illinois : _bAlbert Whitman & Co., _c2019. |
||
| 264 | 1 |
_aChicago, Illinois : _bAlbert Whitman & Co., _c2019. |
|
| 300 |
_a1 volume (unpaged) : _bcolor illustrations ; _c27 cm |
||
| 336 |
_atext _btxt _2rdacontent |
||
| 337 |
_aunmediated _bn _2rdamedia |
||
| 338 |
_avolume _bnc _2rdacarrier |
||
| 520 | _aCuando un padre es apartado de su familia y enfrenta la deportación, su familia se queda sufriendo con el duelo y deseando saber qué sucederá después. Maricela, Manuel y su madre enfrentan los muchos desafíos al tener que su vida es cambiada completamente por la ausencia de su padre y su esposo. Mudarse a una casa nueva, juegos de fútbol perdidos, fiestas de cumpleaños, y el vacío son ahora la norma del día a día. La Luna Mango muestra cómo es la vida desde la perspectiva de un niño/a cuando un padre es deportado, y las realidades desgarradoras que tienen que enfrentar, pero Maricela descubre que su amor por su padre se mantiene a pesar de que ya no es parte de su vida diaria. | ||
| 520 | _aWhen a father is taken away from his family and faces deportation, his family is left to grieve and wonder what comes next. Maricela, Manual, and their mother face the many challenges and changes created by their father's absence. A new home, missed soccer games and birthday parties, and emptiness are now day-to-day norms. But Maricela learns that her love for her father is sustained even though he is no longer part of her daily life. | ||
| 546 | _aText in Spanish. | ||
| 586 | _aJLG Gold Standard. | ||
| 650 | 0 |
_aFathers and daughters _vJuvenile fiction. |
|
| 650 | 0 |
_aChildren of immigrants _vJuvenile fiction. |
|
| 650 | 0 |
_aSeparation (Psychology) _vJuvenile fiction. |
|
| 650 | 0 |
_aDeportation _vJuvenile fiction. |
|
| 650 | 0 |
_aDeportees _vJuvenile fiction. |
|
| 650 | 7 |
_aPadre e hija _vNovela juvenil. _2bidex |
|
| 650 | 7 |
_aHijos de inmigrantes _vNovela juvenil. _2bidex |
|
| 650 | 7 |
_aSeparaci?n (Psicolog?a) _vNovela juvenil. _2bidex |
|
| 650 | 7 |
_aDeportaci?n _vNovela juvenil. _2bidex |
|
| 650 | 7 |
_aDeportados _vNovela juvenil. _2local |
|
| 700 | 1 |
_aCornelison, Sue, _eillustrator. |
|
| 700 | 1 |
_aChavez, Giovanna _etranslator |
|
| 700 | 1 |
_aChavez, Giovanna, _etranslator. |
|
| 942 | _cBK | ||
| 999 |
_c28264 _d28264 |
||
| 999 | _bESPANOL PICTURE BOOKS DE ANDA 2019 | ||